Culture Générale - Série 362 - Statistiques

Statistiques générales
  • Ce quiz a été pris 276 fois
  • Le résultat moyen est 7 sur 10
Statistiques - réponses
Question Réponse % Correct
Comment appelle-t-on le mâle de la chèvre ? Le bouc
95%
Dans quel sport peut-on jouer pilier, demi d'ouverture ou trois-quarts ? Le rugby
94%
Quel sigle désignant le revenu de solidarité active remplace le R.M.I. ? R.S.A
91%
Quelle ville française au pont célèbre organise depuis plus de 60 ans un grand festival de théâtre ? Avignon
90%
Avec quel alcool prépare-t-on un daiquiri ? Le rhum
74%
Quel chanteur français interprète la chanson "Le France" en 1975 ? Michel Sardou
74%
Quel est le titre français de la série télévisée "The Love Boat" ? La Croisière s'amuse
71%
A l'origine, quelle ville française produisait la toile denim servant à confectionner les jeans ? Nîmes
59%
A quelle ancienne région administrative appartenaient les départements de la Corrèze, de la Creuse et de la Haute-Vienne ? Le Limousin
47%
Quel est le vrai nom de l'ancien pape Benoît XVI ? Joseph Ratzinger
24%
Aucun quiz correspondant
Distribution des résultats
% des personnes avec chaque résultat
Percentile par nombre de réponses
Votre historique - résultats
Vous n’avez pas pris ce quiz